Effective prototyping for software makers

Gespeichert in:
Bibliographische Detailangaben
Hauptverfasser: Arnowitz, Jonathan (VerfasserIn), Arent, Michael (VerfasserIn), Berger, Nevin (VerfasserIn)
Format: Buch
Sprache:Spanisch
Veröffentlicht: Amsterdam Elsevier 2007
Schriftenreihe:Morgan Kaufmann Series in Interactive Technologies
Schlagworte:
Tags: Tag hinzufügen
Keine Tags, Fügen Sie den ersten Tag hinzu!

MARC

LEADER 00000cam a2200000 a 4500
001 UCF9428
003 CL-VaPUC
008 131125e20070000ne |||||||||||||||||spa|d
020 |a 9780120885688 
082 0 4 |a 005.1  |b ARN  |2 21 
100 0 |a Arnowitz, Jonathan  |e author  |9 571726 
700 0 |a Arent, Michael  |e author  |9 571727 
700 0 |a Berger, Nevin  |e author  |9 571728 
245 1 0 |a Effective prototyping for software makers 
300 |a 584 p 
942 |c BK 
945 |d 20131125 03:22:00  |a dcastane 
260 |a Amsterdam  |b Elsevier  |c 2007 
650 0 |a Programación de computadores   |9 259531 
650 7 |a PROTOTIPOS  |2 CL-VaPUC  |9 470749 
650 0 |a Software  |9 387312 
583 |a last modification  |c 20150326 12:23:09  |k Rodrigo Vera 
490 0 |a Morgan Kaufmann Series in Interactive Technologies 
999 |c 353872  |d 353870 
952 |0 0  |1 0  |2 ddc  |3 erb  |4 0  |6 005_100000000000000_ARN_2007  |7 0  |8 A  |9 459305  |a BIBING  |b BIBING  |c RES  |i 5028272  |o 005.1 ARN 2007  |p 5028272  |r 2025-01-20  |w 2019-11-23  |y BK  |z Catalogado en:20131125  |k EII 
952 |0 0  |1 0  |2 ddc  |3 erb  |4 0  |6 005_100000000000000_ARN_2007  |7 0  |8 A  |9 459306  |a BIBING  |b BIBING  |c RES  |i 5136083  |o 005.1 ARN 2007  |p 5136083  |r 2025-01-20  |w 2019-11-23  |y BK  |z Catalogado en:20150123  |k EII 
952 |0 0  |1 0  |2 ddc  |3 erb  |4 0  |6 005_100000000000000_ARN_2007  |7 0  |8 A  |9 459307  |a BIBING  |b BIBING  |c RES  |i 5136075  |o 005.1 ARN 2007  |p 5136075  |r 2025-01-20  |w 2019-11-23  |y BK  |z Catalogado en:20150123  |k EII 
952 |0 0  |1 0  |2 ddc  |3 erb  |4 0  |6 005_100000000000000_ARN_2007  |7 0  |8 A  |9 459308  |a BIBING  |b BIBING  |c RES  |i 5136067  |o 005.1 ARN 2007  |p 5136067  |r 2025-01-20  |w 2019-11-23  |y BK  |z Catalogado en:20150123  |k EII